000 00497nam a2200181Ia 4500
001 20955
005 20260306172844.0
008 260306t2009||||xx |||||||||||||| ||spa||
041 _aESP
082 _a343.81
_bA93
100 _aAyala Zavala, Pascual
_eAUT
245 0 _aLibros y registros vinculados a asuntos tributarios en el nuevo plan contable general empresarial
260 _c2009
300 _a631 páginas :
_c24 cm.
650 _aGEN
654 _aCCO
942 _cLIB
_dJUS
_fJUS
_2ddc
_n
999 _c20955
_d20955